| Tag |
First Indicator |
Second Indicator |
Subfields |
| LEADER |
00000cam a22000004a 4500 |
| 001 |
in00001763213 |
| 005 |
20151025093231.0 |
| 008 |
020826s2003 enk b 001 0 eng |
| 010 |
|
|
|a 2002031553
|
| 020 |
|
|
|a 0521820634
|
| 020 |
|
|
|a 0521527503 (pbk.)
|
| 035 |
|
|
|a (OCoLC)ocm50519350
|
| 040 |
|
|
|a DLC
|c DLC
|d TXA
|d UtOrBLW
|
| 042 |
|
|
|a pcc
|
| 049 |
|
|
|a TXAM
|
| 050 |
0 |
0 |
|a HV6322.7
|b .S654 2003
|
| 082 |
0 |
0 |
|a 304.6/63/09
|2 21
|
| 245 |
0 |
4 |
|a The specter of genocide :
|b mass murder in historical perspective /
|c edited by Robert Gellately, Ben Kiernan.
|
| 264 |
|
1 |
|a Cambridge ;
|a New York :
|b Cambridge University Press,
|c 2003.
|
| 300 |
|
|
|a x, 396 pages ;
|c 24 cm.
|
| 336 |
|
|
|a text
|b txt
|2 rdacontent
|
| 337 |
|
|
|a unmediated
|b n
|2 rdamedia
|
| 338 |
|
|
|a volume
|b nc
|2 rdacarrier
|
| 504 |
|
|
|a Includes bibliographical references and index.
|
| 505 |
0 |
|
|a Introduction. The mass murder and genocide / Robert Gellately and Ben Kiernan -- Pt. I. Genocide and modernity. Twentieth century genocides: underlying ideological themes from Armenia to East Timor / Ben Kiernan -- The modernity of genocides: war, race, and revolution in the twentieth century / Eric D. Weitz -- Seeking the roots of modern genocide: on the macro- and microhistory of mass murder / Omer Bartov -- Genocide and the body politic in the time of modernity / Marie Fleming -- Pt. II. Indigenous peoples and colonial issues. Genocides of indigenous peoples: rhetoric of human rights / Elazar Barkan -- Military culture and the production of "final solutions" in the colonies: the example of Wilhelminian Germany / Isabel V. Hull -- "Encirclement and annihilation": the Indonesian occupation of East Timor / John G. Taylor -- Pt. III. The era of the two World Wars. Under cover of war: the Armenian genocide in the context of total war / Jay Winter -- The mechanism of a mass crime: the great terror in the Soviet Union, 1937-1938 / Nicolas Werth -- The Third Reich, the Holocaust and visions of serial genocide / Robert Gellately -- Reflections on modern Japanese history in the context of the concept of genocide / Gavan McCormack -- Pt. 4. Genocide and mass murder since 1945. "When the world turned to chaos": 1965 and its aftermath in Bali, Indonesia / Leslie Dwyer and Degung Santikarma -- Genocide in Cambodia and Ethiopia / Edward Kissi -- Modern genocide in Rwanda: ideology, revolution, war, and mass murder in an African state / Robert Melson -- History, motive, law, intent: combining historical and legal methods in understanding Guatemala's 1981-1983 genocide / Greg Grandin -- Analysis of a mass crime: ethnic cleansing in the former Yugoslavia, 1991-1999 / Jacques Semelin -- Conclusions. Investigating genocide / Robert Gellately and Ben Kiernan -- Appendix. Convention on the Prevention and Punishment of the Crime of Genocide.
|
| 650 |
|
0 |
|a Genocide.
|
| 650 |
|
0 |
|a Crimes against humanity.
|
| 700 |
1 |
|
|a Gellately, Robert,
|d 1943-
|
| 700 |
1 |
|
|a Kiernan, Ben.
|
| 948 |
|
|
|a cataloged
|b h
|c 2003/9/3
|d c
|e dmitchel
|f 9:00:00 am
|
| 994 |
|
|
|a E0
|b TXA
|
| 999 |
|
|
|a MARS
|
| 999 |
f |
f |
|s e2f5ab3b-8fbd-345d-a241-89ad4998e910
|i 0c643de1-c619-385b-bc7e-d097db60c109
|t 0
|
| 952 |
f |
f |
|p normal
|a Texas A&M University
|b College Station
|c Sterling C. Evans Library
|d Evans: Library Stacks
|t 0
|e HV6322.7 .S654 2003
|h Library of Congress classification
|i unmediated -- volume
|m A14830512408
|
| 998 |
f |
f |
|a HV6322.7 .S654 2003
|t 0
|l Evans: Library Stacks
|